Ekonomický slovník

Saved in:
Bibliographic Details
Format: Book
Language:Slovak
Published: Bratislava : Pravda, 1986
Edition:1. vyd.
Tags: Add Tag
No Tags, Be the first to tag this record!

MARC

LEADER 00000nam a22000003a 4500
001 stu7602
005 20260122133549.9
008 950331s1986----cs------------------slo-d
040 |a STU  |b slo 
041 0 |a slo 
044 |a cs 
080 |a 65 
080 |a 33(038) 
245 |a Ekonomický slovník 
250 |a 1. vyd. 
260 |a Bratislava :  |b Pravda,  |c 1986 
300 |a 466 s. 
996 |b 284V037369  |c V*51932/O-23190  |l VVS  |s A  |a 24  |w stu7602_0002 
996 |b 284EK91165  |c E* 91165  |l EE01  |s A  |a 24  |w stu7602_0004